000 00767nmc a2200289 a 4500
003 AR-X00000XY
005 20251128211849.0
008 166120s1991 ||||||||||||||000 | spa||
020 _a0-582-06074-5
040 _cAR-X00000XY
100 1 _aRabley, Stephen
245 1 0 _aBetween two worlds
250 _a1ยช ed.
260 _aHarlow
_bAddison Wesley Longman
_c1991
300 0 _a16 p.
_bil.
490 0 _aEasy starts
500 0 _aContiene ejercicios en p. 16
650 4 _aENSENANZA DE IDIOMAS
650 4 _aINGLES
650 4 _aLITERATURA INGLESA
650 4 _aLITERATURA CONTEMPORANEA
650 4 _aINICIACION EN LA LECTURA
650 4 _aACTIVIDADES DE APRENDIZAJE
700 1 _aAloof, Andrew
_eilustrador
942 _cBK
998 _cmartin
999 _c21410
_d21410